[Event "ARG-ch sf 93rd"]
[Site "Buenos Aires"]
[Date "2018.05.23"]
[Round "5"]
[White "Della Morte, German"]
[Black "Mayo, Raul"]
[Result "1-0"]
[WhiteElo "2374"]
[BlackElo "2081"]
[PlyCount "235"]
[EventDate "2018.05.19"]
[EventType "swiss"]
[EventRounds "9"]
[EventCountry "ARG"]
[SourceTitle "CBM 184 Extra"]
[Source "ChessBase"]
[SourceDate "2018.06.28"]
[SourceVersion "1"]
[SourceVersionDate "2018.06.28"]
[SourceQuality "1"]

1. e4 c5 2. Nf3 e6 3. d4 cxd4 4. Nxd4 Nf6 5. Nc3 d6 6. g4 a6 7. g5 Nfd7 8. h4 b5 9. h5 Bb7 10. Bg2 b4 11. Nce2 Nb6 12. Ng3 N8d7 13. f4 Nc5 14. Qg4 Qd7 15. g6 hxg6 16. hxg6 Rxh1+ 17. Bxh1 0-0-0 18. gxf7 Qxf7 19. a3 a5 20. axb4 axb4 21. Ra7 Be7 22. Bd2 Kb8 23. Rxb7+ Kxb7 24. e5+ d5 25. Bxb4 Nd3+ 26. cxd3 Bxb4+ 27. Ke2 Re8 28. Nh5 Rh8 29. Bf3 Rxh5 30. Qxh5 Qxf4 31. Nxe6 Qd2+ 32. Kf1 Qxd3+ 33. Be2 Qb1+ 34. Kg2 Qe4+ 35. Bf3 Qc2+ 36. Kh3 g6 37. Qh7+ Ka6 38. Nc7+ Ka5 39. Qf7 Qxb2 40. Nxd5 Nxd5 41. Qxd5+ Kb6 42. Qc4 Ka5 43. Qc7+ Kb5 44. e6 Qa1 45. Qe5+ Kb6 46. Qb8+ Ka5 47. Qa8+ Kb5 48. Qc6+ Ka5 49. Qc7+ Kb5 50. Bc6+ Kc4 51. Be4+ Kb3 52. Qg3+ Qc3 53. Bd5+ Kb2 54. Bf3 Qd4 55. Qxg6 Qd6 56. Qe4 Qe7 57. Bd1 Kc3 58. Qe5+ Kd2 59. Qd4+ Ke1 60. Bg4 Qh7+ 61. Kg2 Qc2+ 62. Kg3 Bc5 63. Qe5+ Kd2 64. e7 Qd3+ 65. Kg2 Bxe7 66. Qxe7 Qe3 67. Qb4+ Kc1 68. Qc4+ Kb2 69. Bf3 Qd2+ 70. Kg3 Qg5+ 71. Kf2 Qd2+ 72. Be2 Ka3 73. Kf3 Kb2 74. Qb5+ Kc2 75. Ke4 Kc3 76. Qa5+ Kc2 77. Qa2+ Kc3 78. Qa3+ Kc2 79. Bd3+ Kd1 80. Kf3 Qc3 81. Qd6 Kd2 82. Ke4 Kc1 83. Qh6+ Kb2 84. Qb6+ Ka3 85. Qa6+ Kb2 86. Qb5+ Ka3 87. Qa6+ Kb2 88. Qb6+ Ka3 89. Qe3 Kb4 90. Kd5 Ka3 91. Qe7+ Kb2 92. Qe2+ Ka3 93. Bc4 Qa5+ 94. Kd4 Qa8 95. Kd3 Qd8+ 96. Kc2 Kb4 97. Qe4 Kc5 98. Bf7 Qd4 99. Qe7+ Qd6 100. Qa7+ Qb6 101. Qa8 Kd6 102. Qf8+ Ke5 103. Qe7+ Kf4 104. Qh4+ Ke5 105. Qh2+ Ke4 106. Qh1+ Ke5 107. Qh2+ Ke4 108. Qh4+ Ke5 109. Qg3+ Ke4 110. Qg4+ Ke5 111. Qg5+ Kd6 112. Qf6+ Kc7 113. Qe7+ Kb8 114. Kd3 Qc7 115. Qe8+ Ka7 116. Bd5 Kb6 117. Qe6+ Ka7 118. Qe3+ 1-0

[Event "ARG-ch 87th"]
[Site "Villa Martelli"]
[Date "2013.04.08"]
[Round "6"]
[White "Fiori, Hector Dionisio"]
[Black "Mayo, Raul"]
[Result "1-0"]
[WhiteElo "2171"]
[BlackElo "2112"]
[PlyCount "91"]
[EventDate "2013.04.03"]
[EventType "swiss"]
[EventRounds "11"]
[EventCountry "ARG"]
[SourceTitle "CBM 153 Extra"]
[Source "ChessBase"]
[SourceDate "2013.04.22"]
[SourceVersion "1"]
[SourceVersionDate "2013.04.22"]
[SourceQuality "1"]

1. e4 c5 2. Nf3 e6 3. d4 cxd4 4. Nxd4 Bc5 5. Nb3 Bb6 6. Nc3 Ne7 7. Qh5 Nbc6 8. Bg5 0-0 9. Bd3 f6 10. Bf4 Ne5 11. 0-0-0 Bc7 12. Be3 a6 13. Be2 f5 14. f4 N5c6 15. e5 d5 16. exd6 Bxd6 17. Kb1 Qc7 18. g3 b5 19. Bxb5 Nb4 20. Bd3 Bb7 21. Rhe1 Ned5 22. Bd4 Nxc3+ 23. Bxc3 Bd5 24. a3 Nxd3 25. Rxd3 Be4 26. Rd4 Rab8 27. Rdxe4 fxe4 28. Rxe4 Bxa3 29. Bxg7 Kxg7 30. bxa3 Rf5 31. Qe2 Rc5 32. Kb2 Kf7 33. Rd4 Rc6 34. Qd3 Kg8 35. Qe2 Qg7 36. Ka2 Qg6 37. Re4 Rbc8 38. c4 Rb8 39. g4 Rcb6 40. Re3 a5 41. c5 Rb5 42. Rxe6 Qf7 43. Nd4 Rb2+ 44. Qxb2 Rxb2+ 45. Kxb2 Qxf4 46. Re8+ 1-0